000 01498nam a2200409 i 4500
001 ELB230111
003 FINmELB
005 20250326043007.0
006 m o u
007 cr cn|||||||||
008 220721s2023 ag ob 000 0 spa d
020 _z9788418929977
020 _a9788418929984
_q(e-book)
035 _a(OCoLC)1390973564
040 _aFINmELB
_bspa
_erda
_cFINmELB
043 _as-ag---
050 1 4 _aHQ1059.4
_bC678 2023
080 _a94"04/14"
082 0 4 _a305.244
_223
245 0 0 _aCohesión social y transformaciones identitarias en la Edad Media /
_cFernando Ruchesi (ed.).
264 1 _aBuenos Aires :
_bMiño y Dávila,
_c2023.
300 _a1 recurso en línea (182 páginas)
336 _atexto
_btxt
_2rdamedia/spa
337 _acomputadora
_bc
_2rdamedia/spa
338 _arecurso en línea
_2rdacarrier/spa
490 1 _aColección Crisis, nacimientos
504 _aContiene bibliografía.
588 _aDescripción basada en metadatos suministrados por el editor y otras fuentes.
590 _aRecurso electrónico. Santa Fe, Arg.: elibro, 2021. Disponible vía World Wide Web. El acceso puede estar limitado para las bibliotecas afiliadas a elibro.
650 4 _aEdad Media.
651 4 _aEuropa
_xHistoria
_y476-1492.
655 4 _aLibros electrónicos.
700 1 _aRuchesi, Fernando,
_eeditor.
797 2 _aelibro, Corp.
830 0 _aColección Crisis, nacimientos.
856 4 0 _uhttps://elibro.net/ereader/usam/230111
999 _c138578
_d138578